<?xml version="1.0" encoding="UTF-8"?>
<marc:record xmlns:marc="http://www.loc.gov/MARC21/slim">
   <marc:leader>00000nam a2200000 a 4500</marc:leader>
   <marc:datafield ind1="1" ind2=" " tag="100">
      <marc:subfield code="a">Davidson, Marie-Thérèse</marc:subfield>
      <marc:subfield code="4">aut</marc:subfield>
      <marc:subfield code="e">Verfasser/-in</marc:subfield>
   </marc:datafield>
   <marc:datafield ind1=" " ind2=" " tag="653">
      <marc:subfield code="a">Mythologie</marc:subfield>
   </marc:datafield>
   <marc:datafield ind1=" " ind2=" " tag="653">
      <marc:subfield code="a">Griechenland</marc:subfield>
   </marc:datafield>
   <marc:datafield ind1="0" ind2="0" tag="245">
      <marc:subfield code="a">Odysseus</marc:subfield>
   </marc:datafield>
   <marc:datafield ind1="0" ind2="0" tag="245">
      <marc:subfield code="b">Die Welt des alten Griechenland</marc:subfield>
   </marc:datafield>
   <marc:datafield ind1=" " ind2="1" tag="264">
      <marc:subfield code="b">Loewes</marc:subfield>
      <marc:subfield code="c">2002</marc:subfield>
   </marc:datafield>
   <marc:datafield ind1="1" ind2=" " tag="490">
      <marc:subfield code="a">Helden - Mythen - Abenteuer</marc:subfield>
   </marc:datafield>
   <marc:datafield ind1="1" ind2=" " tag="520">
      <marc:subfield code="a">Also höre: Nur wenn du deine und die Ungeduld deiner Gefährten beherrschen kannst, wirst du Ithaka wiedersehen. Doch es liegt nicht allein in Odysseusü Händen, nach der Zerstörung Trojas in seine Heimat zurückzukehren. Die Flucht aus der Höhle des Zyklopen, der trügerische Gesang der Sirenen - die Heimkehr des siegreichen Griechen wird zu einer jahrelangen, gefahrvollen Irrfahrt. Denn Odysseus ist zum Spielball der Götter geworden. Und von ihrem Willen hängt es ab, ob Odysseus seine geliebte Frau Penelope und seinen Sohn jemals wiedersieht. Die Odyssee von Homer wird von Marie-Thérèse Davidson packend und lebendig nacherzählt. </marc:subfield>
   </marc:datafield>
   <marc:datafield ind1="3" ind2=" " tag="024">
      <marc:subfield code="a">3785544715</marc:subfield>
   </marc:datafield>
</marc:record>
